| 000 | 00456nam a22001097a 4500 | ||
|---|---|---|---|
| 082 | _a510 | ||
| 100 |
_aप्रसाद,एस एन _981907 |
||
| 245 | _aरेलवे All Exams Mathematics सॉल्वड पेपर्स विस्तृत व्याख्या सहित 1996 से अब तक 10000 प्रश्न | ||
| 260 |
_aDelhi _bKiran Publication _c2024 |
||
| 650 |
_aMathes _981908 |
||
| 942 | _cC. BOOKS | ||
| 999 |
_c66886 _d66886 |
||